| 000 | 00681nam a22001937a 4500 | ||
|---|---|---|---|
| 999 |
_c20802 _d20802 |
||
| 003 | AR-CdUCM | ||
| 008 | 190606b ||||| |||| 00| 0 spa d | ||
| 040 |
_aMUNICIPALIDAD PROVINCIAL DEL CUSCO _cBIBLIOTECA MUNICIPAL DEL CUSCO |
||
| 082 |
_a659.2 / _bZ28 |
||
| 100 |
_aZamora Cosio, Eloy _943445 |
||
| 245 |
_aRelaciones públicas : _bProtocolo y prensa institucional / |
||
| 260 |
_aCusco : _bAlpha, _c2013. |
||
| 300 |
_a145 páginas ; _c24 cm. |
||
| 505 | _aContenido : Génesis de relaciones públicas -- Por qué y para que: el protocolo? -- Presencia... | ||
| 650 |
_aPrensa _919488 |
||
| 650 |
_aLegislación en la difusión _943446 |
||
| 942 |
_2ddc _cLIBROS |
||
| 945 | _arcc | ||